00872cam a22002411 4500001001300000003000400013005001700017008004100034010001700075035002000092040005300112042001200165050002400177130002800201245015500229260004800384300002600432500006000458650001400518710004800532710003300580999001700613war18000015 DLC20260227112811.0850517r19171915dcua f000 0 eng c awar18000015  a(OCoLC)12045195 aLibrary War College Div. General StaffcNhDdDLC apremarc00aUF565b.F8 75-mm.U55 a"The Engineer," London.10aNotes on the French 75-mm. gun.cEdited at the Army war college, October, 1917 [reprinted from an article in "The Engineer" (London) January 22, 1915] aWashington,bU.S. Govt. Print. Off.,c1917. a12 p.billus.c20 cm. aWar dept. doc. no. 687. Office of the adjutant general. 0aOrdnance.1 aUnited States.bDepartment of the Interior.2 aArmy War College (U.S.)eed. c92333d92333